| 000 | 00570nam a22001817a 4500 | ||
|---|---|---|---|
| 005 | 20251108164711.0 | ||
| 008 | 250721s1989 xx 000 0 ara d | ||
| 082 | 1 | 4 | _a614/بار |
| 100 | 1 | _aبارك، د. ج. أ. | |
| 245 | 1 | 0 | _aالموجز في طب المجتمع / |
| 264 | 1 |
_aطرابلس (ليبيا) : _bمجمع الفاتح للجامعات، _c1989. |
|
| 300 | _a415ص | ||
| 650 | 1 | 7 | _aالصحة العامة |
| 700 | 1 |
_aالهوني، الزروق مصباح _eترجمة |
|
| 700 | 1 | _aالحضيري، سالم | |
| 942 |
_2ddc _cBK |
||
| 999 |
_c12174 _d12174 |
||